000 01043cam a22003494a 4500
999 _c42
_d42
001 13717080
003 OSt
005 20210503163907.0
008 040913s2005 stka b 001 0 eng
010 _a 2004057451
015 _aGBA509350
_2bnb
016 7 _a101229812
_2DNLM
016 7 _a013099938
_2Uk
020 _a0702027499
035 _a(OCoLC)ocm56527440
040 _aDNLM/DLC
_cDLC
_dYDX
_dNLM
_dUKM
_dBAKER
_dCRH
_dDLC
042 _apcc
050 0 0 _aQP34.5
_b.W38 2005
060 0 0 _a2006 C-319
060 1 0 _aQS 4
_bW341a 2005
100 1 _aWatson, Roger,
_9132
245 1 0 _aAnatomy and Physiology for Nurses.
250 _a12th ed.
260 _aEdinburgh ;
_bElsevier,
_c2005.
300 _avii, 401 p. :
_bcol.ill:
_c22 cm.
504 _aIncludes bibliographical references (p. 377).
650 0 _aHuman physiology.
_9133
650 0 _aAnatomy.
_9134
856 4 1 _3Table of contents only
_uhttp://www.loc.gov/catdir/toc/fy0608/2004057451.html
906 _a7
_bcbc
_corignew
_d1
_eocip
_f20
_gy-gencatlg
942 _2z
_cO_SHELF